000 03434nam a2200721 i 4500
001 xx005877545
003 NUKAT
005 20260317105208.0
008 250911s2025 pl |001 0 pol c
020 _a9788376763866
_q(Polska Akademia Umiejętności)
020 _a9788371264665
_q(Instytut Śląski)
020 _a9788397293687
_q(Instytut Północny im. Wojciecha Kętrzyńskiego)
020 _a9788397306745
_q(Instytut Historii Nauki im. Ludwika i Aleksandra Birkenmajerów PAN)
035 _a(PL)b1000006337715
035 _a(OMNIS)9915025877205606
035 _a(NUKAT)xx005877545
040 _aKR PAU
_cKR PAU
_dKR PAU
_dOLSZT W
041 0 _apol
_beng
_bger
045 2 _bd1922
_bd2022
046 _k2025
245 1 0 _aZwiązek Polaków w Niemczech :
_bhistoria, pamięć historyczna i tradycje różnych polskich kresów /
_cpod redakcją Michała Kokowskiego.
260 _aKraków :
_bPolska Akademia Umiejętności ;
_aOpole :
_bInstytut Śląski ;
_aOlsztyn :
_bInstytut Północny im. Wojciecha Kętrzyńskiego ;
_aWarszawa :
_bInstytut Historii Nauki im. Ludwika i Aleksandra Birkenmajerów PAN,
_c2025.
300 _a337, [2] strony :
_bfotografie, portrety ;
_c24 cm.
336 _aTekst
_btxt
_2rdacontent
337 _aBez urządzenia pośredniczącego
_bn
_2rdamedia
338 _aWolumin
_bnc
_2rdacarrier
380 _aKsiążki
380 _aPublikacje naukowe
388 1 _a2001-
500 _aArtykuły stanowią rozwinięcie referatów wygłoszonych podczas naukowej konferencji online "100-lecie Związku Polaków w Niemczech", zorganizowanej w dniu 23 listopada 2022 r. przez PAU, Stację PAU w Gdańsku, Komisję Historii Nauki PAU oraz Pracownię Naukoznawstwa Instytutu Historii Nauki PAN.
504 _aBibliografia przy artykułach. Indeksy.
546 _aStreszczenia w języku angielskim i niemieckim.
610 2 7 _aZwiązek Polaków w Niemczech
_2DBN
_936980
648 7 _a1901-2000
_2DBN
_934996
648 7 _a1918-1939
_2DBN
_936041
648 7 _a1939-1945
_2DBN
_936042
648 7 _a1945-1989
_2DBN
_936043
648 7 _a1989-2000
_2DBN
_936156
648 7 _a2001-
_2DBN
_936393
650 7 _aMniejszości narodowe
_2DBN
_935448
650 7 _aPatriotyzm
_2DBN
_935776
650 7 _aPolacy za granicą
_2DBN
_935953
651 7 _aKrajna
_2DBN
_938241
651 7 _aMazury
_2DBN
_935176
651 7 _aNiemcy
_2DBN
_935243
651 7 _aPowiśle (region)
_2DBN
_935399
651 7 _aŚląsk
_2DBN
_936216
651 7 _aWarmia
_2DBN
_935166
655 7 _aMateriały konferencyjne
_2DBN
_936310
655 7 _aPraca zbiorowa
_2DBN
_935107
658 _aHistoria
658 _aPolityka, politologia, administracja publiczna
700 1 _aKokowski, Michał
_d(1961- ).
_eRedakcja
_938240
710 2 _aPolska Akademia Umiejętności (1990- ).
_eWydawca
_4pbl
_99495
710 2 _aInstytut Śląski (Opole).
_eWydawca
_4pbl
_914218
710 2 _aInstytut Północny im. Wojciecha Kętrzyńskiego (Olsztyn).
_eWydawca
_4pbl
_913459
710 2 _aPolska Akademia Nauk.
_bInstytut Historii Nauki im. Ludwika i Aleksandra Birkenmajerów.
_eWydawca
_4pbl
_913460
920 _a978-83-7676-386-6 (Polska Akademia Umiejętności)
920 _a978-83-7126-466-5 (Instytut Śląski)
920 _a978-83-9729-368-7 (Instytut Północny im. Wojciecha Kętrzyńskiego)
920 _a978-83-9730-674-5 (Instytut Historii Nauki im. Ludwika i Aleksandra Birkenmajerów PAN)
942 _2ddc
_cBK_NM
999 _c27047
_d27047